Out of the crisis
Αποθηκεύτηκε σε:
| Κύριος συγγραφέας: | |
|---|---|
| Μορφή: | Βιβλίο |
| Γλώσσα: | English |
| Δημοσίευση: |
London :
MIT,
2000
|
| Θέματα: | |
| Ετικέτες: |
Προσθήκη ετικέτας
Δεν υπάρχουν, Καταχωρήστε ετικέτα πρώτοι!
|
MARC
| LEADER | 00000cam a2200000 i 4500 | ||
|---|---|---|---|
| 001 | 1/59479 | ||
| 008 | 020312s2000 eng d | ||
| 020 | |a 0-262-54115-7 | ||
| 035 | |l 10000508 | ||
| 040 | |a GR-MY-UA |b gre |e aacr | ||
| 041 | 0 | |a eng | |
| 082 | 0 | |a 658 | |
| 100 | 1 | |a Deming, W. Edwards |q (William Edwards), |d 1900-1993. | |
| 245 | 1 | 0 | |a Out of the crisis / |c W. Edwards Deming |
| 260 | |a London : |b MIT, |c 2000 | ||
| 300 | |a xiii, 507 p. | ||
| 504 | |a Includes index | ||
| 650 | 0 | 0 | |a Industrial management |z United States. |
| 650 | 0 | 0 | |a Industrial productivity |z United States. |
| 650 | 0 | 0 | |a Quality of products |z United States. |
| 852 | |a INST |b CHIOS |e 20020312 |h 658 DEM |p 005200019884 |q 005200019884 |t BK |y 0 | ||
| 852 | |a INST |b CHIOS |e 20020312 |h 658 DEM |p 005200019885 |q 005200019885 |t BK |y 0 | ||
| 852 | |a INST |b CHIOS |e 20020312 |h 658 DEM |p 005200019886 |q 005200019886 |t BK |y 0 | ||
| 852 | |a INST |b CHIOS |e 20020312 |h 658 DEM |p 005200019893 |q 005200019893 |t BK |y 0 | ||
| 901 | |a BIBL2-2002-1 | ||
| 909 | |a Χ |b 099858 | ||
| 909 | |a Χ |b 099859 | ||
| 909 | |a Χ |b 099860 | ||
| 909 | |a Χ |b 099861 | ||
| 970 | |a ΣΠΕΝΤΖΑ |b ΕΛΕΝΗ |z 2002/03/12 | ||